Waiting for the End - Linkin Park (All Lyrics) - Statistics

General Stats
  • This quiz has been taken 57 times
  • The average score is 288 of 397
Answer Stats
Answer % Correct
I
100%
the
100%
The
100%
a
97%
end,
97%
end
97%
is
97%
not
97%
This
97%
this
97%
for
94%
begin?
91%
So
91%
so
91%
to
91%
in
89%
Waiting
89%
Yo
89%
(Yo,
89%
yo)
89%
all
86%
All
86%
beginning
86%
it,
86%
it
86%
was
86%
an
83%
come
83%
of
83%
on
83%
what
83%
What
83%
do
80%
go
80%
’em
77%
We
77%
we
77%
wish
77%
you
77%
and
74%
And
74%
flying
74%
Flying
74%
holding
74%
Holding
74%
Just
74%
light
74%
like
74%
Like
74%
out
74%
something
74%
voice
74%
Yeah
74%
yeah,
74%
at
71%
empty
71%
had
71%
haven’t
71%
know
71%
life
71%
listen
71%
planned
71%
rhythm
71%
wanna
71%
got
69%
It’s
69%
it’s
69%
my
69%
My
69%
new
69%
speed
69%
though
69%
Though
69%
up
69%
violent
69%
wasn’t
69%
where
69%
But
66%
but
66%
control
66%
riot
66%
stand
66%
we’re
66%
were
66%
Wishing
66%
with
66%
air
63%
every
63%
move
63%
that
63%
tone
63%
trade
63%
feels
60%
forget
60%
hard
60%
how
60%
last
60%
let
60%
lie
60%
(Oh)
60%
takes
60%
things
60%
Trying
60%
trying
60%
meant
57%
onto
57%
revision
57%
room
57%
left
54%
past
54%
rocking
54%
words
54%
disappear
51%
don’t
51%
fists
51%
never
51%
say,
51%
Sitting
51%
there
51%
thought
51%
ending
49%
hardest
49%
head
49%
part
49%
right,
49%
right
49%
said
49%
starting
49%
strength
49%
again
46%
dead
46%
many
46%
that’s
46%
Thoughts
46%
when
46%
within
46%
wrong
46%
eye
43%
gone?
43%
invisible
43%
moving
43%
pain
43%
sound
43%
spinning
43%
unsaid
43%
went
43%
even
40%
figure
40%
fire
40%
kind
40%
mercy
40%
mind
40%
mouth
40%
storm
40%
caught
37%
fear
37%
felt
37%
living
37%
now
37%
steady,
37%
I’m
34%
kept
34%
picking
34%
pieces
34%
Until
31%
get
29%
’Cause
23%
empty’s
11%
No matching quizzes found
Score Distribution
Percent of People with Each Score
Percentile by Number Answered
Your Score History
You have not taken this quiz